Normal view
MARC view
- Curriculum planning. Curriculum based assessment. Learning
Entry Topical Term
001 - CONTROL NUMBER
- control field: 86711
003 - CONTROL NUMBER IDENTIFIER
- control field: OSt
005 - DATE AND TIME OF LATEST TRANSACTION
- control field: 20251002131852.0
008 - FIXED-LENGTH DATA ELEMENTS
- fixed length control field: 251002|| aca||aabn | a|a d
040 ## - CATALOGING SOURCE
- Original cataloging agency: OSt
- Transcribing agency: OSt
150 ## - HEADING--TOPICAL TERM
- Topical term or geographic name as entry element: Curriculum planning. Curriculum based assessment. Learning
670 ## - SOURCE DATA FOUND
- Source citation: Work cat.: (OSt)49593: Wiggins, Grant. 86710, The understanding by design:, 2011.